| 000 | 00399nam a2200133Ia 4500 | ||
|---|---|---|---|
| 008 | 220217s9999||||xx |||||||||||||| ||und|| | ||
| 020 | _a81-203-1136-1 | ||
| 082 | _a620.011 511 3 KLI | ||
| 100 |
_aKlir, George, J Yuan, Bo _91132 |
||
| 245 | 0 | _aFuzzy sets and fuzzy logic: thory and applications | |
| 260 |
_aPrentice hall of india _bNew Delhi _c2002 |
||
| 300 | _b250 | ||
| 650 | _aMATHEMATICS | ||
| 999 |
_c170701 _d170701 |
||